000
00196nam a22000977a 4500
041
_a
eng
080
_a
80
100
_a
Coles, W. E.
245
_a
A Critical Commentary: The Crucible
999
_c
282196
_d
282196
942
_c
BK